| 000 | nam a22 a 4500 | ||
|---|---|---|---|
| 999 |
_c116852 _d116852 |
||
| 003 | BLK | ||
| 005 | 20221114163749.0 | ||
| 008 | 180409b bul|||||r ||||||| ||bul|| | ||
| 010 | _aKNG00122412000 | ||
| 040 | _aBLK | ||
| 041 |
_aBUL _cBUL |
||
| 080 |
_aЛитература в основното училище. Методика на обучението _b373.3.016:821 _z373.3.016:821 |
||
| 100 | 1 |
_aКотова, Искра Стоянова _eпърви автор _9363742 |
|
| 139 |
_aКотова, Искра Стоянова и др. _bК 87 |
||
| 245 | 1 | 0 |
_aЛитература _bРъководство за учителя на VI клас _cИскра Стоянова Котова; съавт. Стамена Вергилова Димова; съавт. Невена Димитрова Матеева; * Иван Маразов; * Светла Кръстева; * Румяна Георгиева. |
| 257 | _aBGR | ||
| 260 |
_aСофия _bНар. просв. _c1978 _fКърджали : Родопи |
||
| 300 |
_a184 с. _c20 см |
||
| 380 | _a3 | ||
| 500 | _aС участието на Иван Маразов, Светла Кръстева, Румяна Георгиева. | ||
| 504 | _aБиблиогр. с. 180-181. | ||
| 650 | 4 |
_aЛитература - методика на преподаването _9242854 |
|
| 653 | _aлитература | ||
| 653 | _aметодика на преподаването | ||
| 653 | _aVІ кл. | ||
| 700 | 1 |
_aДимова, Стамена Вергилова _eсъавт. _9376459 |
|
| 700 | 1 |
_aМатеева, Невена Димитрова _eсъавт. _9371194 |
|
| 700 | 1 |
_aМаразов, Иван _e* _9366717 |
|
| 700 | 1 |
_aКръстева, Светла _e* _9376344 |
|
| 700 | 1 |
_aГеоргиева, Румяна _e* _9376460 |
|
| 852 |
_aЦб 94303 _bЦб |
||
| 856 | 4 |
_qpdf _i0.00 _ldisable |
|
| 942 |
_cKNG _n0 _s1 |
||
| 944 |
_aCR _c26.03.2011 _lдобави в АБ / 25.03.2011 _kГеновева_Генчева |
||
| 944 |
_aED _c26.03.2011 _lдобави в АБ / 25.03.2011 |
||